[Event "8th Leiden Open A 2014"]
[Site "Leiden NED"]
[Date "2014.07.11"]
[Round "1.1"]
[White "Nikolic, Predrag"]
[Black "Tsifanskaya, Ludmila A"]
[Result "1-0"]
[WhiteTitle "GM"]
[BlackTitle "WIM"]
[WhiteElo "2605"]
[BlackElo "2120"]
[WhiteFideId "14400014"]
[BlackFideId "2802368"]
[EventDate "2014.07.11"]

1. d4 d5 2. c4 dxc4 3. e4 Nc6 4. Be3 e5 5. d5 Nce7 6. Bxc4 Nf6 7. Nc3 Ng6 8. Qb3
Bd6 9. Bb5+ Bd7 10. Bxd7+ Qxd7 11. Qxb7 O-O 12. Qb3 Ng4 13. Qa4 Qxa4 14. Nxa4
Nxe3 15. fxe3 Rab8 16. Ne2 Bb4+ 17. Kf2 f5 18. Ng3 fxe4+ 19. Ke2 Rfd8 20. Rad1
Rb5 21. Nxe4 Rbxd5 22. Rxd5 Rxd5 23. Rc1 Rd7 24. a3 Bd6 25. Rc6 Ne7 26. Ra6 Nc8
27. Nac3 h6 28. Nb5 Kh7 29. Nxa7 Nb6 30. Nb5 Be7 31. b3 Nd5 32. Rc6 Bd8 33. Nbc3
Ne7 34. Rc5 Ng6 35. a4 1-0

[Event "8th Leiden Open A 2014"]
[Site "Leiden NED"]
[Date "2014.07.11"]
[Round "1.2"]
[White "Thakoerdien, Jerrel"]
[Black "Bogner, Sebastian"]
[Result "0-1"]
[BlackTitle "GM"]
[WhiteElo "2115"]
[BlackElo "2602"]
[WhiteFideId "1037439"]
[BlackFideId "4692055"]
[EventDate "2014.07.11"]

1. d4 Nf6 2. Nf3 e6 3. c4 b6 4. a3 Bb7 5. Nc3 g6 6. d5 Bg7 7. e4 O-O 8. e5 Ng4
9. Bg5 Qe8 10. Nb5 Na6 11. d6 Nxe5 12. Be2 Bxf3 13. Bxf3 c6 14. Nc3 f6 15. Bf4
Nxf3+ 16. Qxf3 e5 17. Be3 Qe6 18. Qe2 Qxd6 19. O-O Qe6 20. Rfd1 f5 21. c5 Nxc5 0-1

[Event "8th Leiden Open A 2014"]
[Site "Leiden NED"]
[Date "2014.07.11"]
[Round "1.3"]
[White "Ikonnikov, Vyacheslav"]
[Black "De Roode, Martijn"]
[Result "1-0"]
[WhiteTitle "GM"]
[WhiteElo "2556"]
[BlackElo "2114"]
[WhiteFideId "4100972"]
[BlackFideId "1030752"]
[EventDate "2014.07.11"]

1. d4 Nf6 2. Nf3 g6 3. c4 Bg7 4. Nc3 O-O 5. e4 d6 6. Be2 e5 7. d5 a5 8. Bg5 Qe8
9. Nd2 Na6 10. a3 Bd7 11. b3 h6 12. Be3 Nh7 13. Rb1 f5 14. f3 Nf6 15. b4 axb4
16. axb4 Nh5 17. O-O Nf4 18. c5 Qe7 19. c6 Bc8 20. Kh1 h5 21. Ra1 Nxe2 22. Qxe2
Rb8 23. Rfb1 bxc6 24. Rxa6 Bxa6 25. Qxa6 c5 26. bxc5 Rxb1+ 27. Ncxb1 Bf6 28. h3
Rd8 29. Nc4 fxe4 30. fxe4 Bg5 31. Bg1 Qf6 32. Nbd2 Bxd2 33. Nxd2 Qf4 34. cxd6
cxd6 35. Qb6 Rd7 36. Be3 Qh4 37. Kh2 Qe1 38. Nf3 Qa1 39. Qb8+ Kg7 40. Ng5 1-0

[Event "8th Leiden Open A 2014"]
[Site "Leiden NED"]
[Date "2014.07.11"]
[Round "1.4"]
[White "Kerkvliet, Max"]
[Black "Horvath, Csaba"]
[Result "1/2-1/2"]
[BlackTitle "GM"]
[WhiteElo "2091"]
[BlackElo "2542"]
[WhiteFideId "1025546"]
[BlackFideId "700118"]
[EventDate "2014.07.11"]

1. d4 g6 2. Nf3 Bg7 3. c4 Nf6 4. Nc3 O-O 5. g3 d6 6. Bg2 c6 7. O-O a6 8. a4 a5
9. b3 Na6 10. Ba3 Qb6 11. Rc1 Rd8 12. e3 e5 13. Ne2 Bf5 14. h3 Nb4 15. g4 Be4
16. g5 Nh5 17. Ne1 Bxg2 18. Nxg2 h6 19. h4 hxg5 20. hxg5 Re8 21. Qd2 exd4 22.
Nxd4 Qc5 23. Nc2 Qxg5 24. Nxb4 axb4 25. Bxb4 Nf6 26. f4 Qh5 27. Qf2 Re6 28. Qf3
Ng4 29. Qg3 Rae8 30. Rce1 f5 31. Bd2 Kf7 32. Qh4 Qxh4 33. Nxh4 Nxe3 34. Rf3 Bd4
35. Kh1 Rh8 36. Rh3 Ng4 37. Kg2 Rhe8 38. Rxe6 Rxe6 39. Nf3 Re2+ 40. Kf1 Rf2+ 41.
Ke1 Bf6 42. b4 d5 43. cxd5 cxd5 44. a5 d4 45. Ng5+ Bxg5 46. fxg5 Rg2 47. b5 Ke6
48. Ra3 Rh2 49. a6 bxa6 50. bxa6 Rh8 51. a7 Ra8 52. Bf4 Kd5 53. Bb8 Ke4 54. Ra6
f4 55. Rxg6 f3 56. Rg8 f2+ 57. Kf1 d3 58. Rd8 Kf5 59. Rxd3 Kxg5 60. Rd8 Kf5 61.
Rg8 Nf6 62. Rf8 Ke6 63. Kxf2 Nd7 64. Re8+ Kd5 1/2-1/2

[Event "8th Leiden Open A 2014"]
[Site "Leiden NED"]
[Date "2014.07.11"]
[Round "1.5"]
[White "Sengupta, Deep"]
[Black "Oosterom, Erik"]
[Result "1-0"]
[WhiteTitle "GM"]
[WhiteElo "2533"]
[BlackElo "2085"]
[WhiteFideId "5008352"]
[BlackFideId "1003470"]
[EventDate "2014.07.11"]

1. e4 c6 2. d4 d5 3. e5 Bf5 4. Nd2 e6 5. Nb3 Nd7 6. Nf3 Ne7 7. Be2 Nc8 8. a4 Be7
9. O-O O-O 10. a5 a6 11. Ne1 Bg6 12. f4 Na7 13. Be3 Rc8 14. c4 dxc4 15. Bxc4 Nb5
16. Qf3 Nc7 17. g4 f5 18. g5 Nd5 19. Bf2 Qe8 20. Be2 h6 21. gxh6 gxh6 22. Nd3
Kh7 23. Kh1 Nb4 24. Nxb4 Bxb4 25. Rg1 Qe7 26. Qh3 Rg8 27. Bh4 Qf7 28. Rg3 Bh5
29. Bg5 Rxg5 30. fxg5 Bxe2 31. g6+ Qxg6 32. Rxg6 1-0

[Event "8th Leiden Open A 2014"]
[Site "Leiden NED"]
[Date "2014.07.11"]
[Round "1.6"]
[White "Kronemeijer, Simon"]
[Black "Cernousek, Lukas"]
[Result "0-1"]
[BlackTitle "IM"]
[WhiteElo "2079"]
[BlackElo "2457"]
[WhiteFideId "1013009"]
[BlackFideId "311707"]
[EventDate "2014.07.11"]

1. e4 c5 2. Nf3 d6 3. d4 Nf6 4. Nc3 cxd4 5. Nxd4 a6 6. f4 e5 7. Nf3 Nbd7 8. Bd3
Be7 9. O-O O-O 10. Qe1 Nc5 11. Be3 exf4 12. Bxc5 dxc5 13. e5 Nh5 14. Rd1 Qe8 15.
Nd5 Rb8 16. Qe4 g6 17. Nxf4 Bf5 18. Qe3 Bxd3 19. Rxd3 Nxf4 20. Qxf4 Rd8 21. Rfd1
Qc6 22. Ng5 Rxd3 23. Rxd3 c4 24. Rh3 Qb6+ 25. Kh1 Qxb2 26. g4 Qb1+ 27. Kg2 Qxc2+
28. Kg3 Qd3+ 29. Kg2 Qe2+ 30. Kg3 f6 31. exf6 Rxf6 32. Qd4 Bd6+ 33. Kh4 Qe1+ 34.
Rg3 Bxg3+ 35. hxg3 Qh1+ 36. Nh3 Qc6 37. Ng5 Rf8 38. Qe5 Qf6 39. Qd5+ Rf7 40. Kh3
h6 41. Nxf7 Qxf7 42. Qd8+ Kh7 43. Kg2 c3 44. Qc8 Qxa2+ 45. Kh3 Qf7 46. Qxc3 b5
47. Qc8 Qa7 48. Qf8 Qb7 49. Kh2 b4 0-1

[Event "8th Leiden Open A 2014"]
[Site "Leiden NED"]
[Date "2014.07.11"]
[Round "1.7"]
[White "Das, Arghyadip"]
[Black "Roorda, Thijs"]
[Result "1-0"]
[WhiteTitle "IM"]
[WhiteElo "2439"]
[BlackElo "2074"]
[WhiteFideId "5003610"]
[BlackFideId "1027930"]
[EventDate "2014.07.11"]

1. e4 e6 2. d4 d5 3. Nd2 a6 4. Bd3 Nf6 5. e5 Nfd7 6. c3 c5 7. Ne2 Nc6 8. O-O Qb6
9. Nf3 Be7 10. a3 c4 11. Bc2 Nf8 12. Ng3 h5 13. h4 g6 14. Rb1 Qd8 15. Bg5 Bd7
16. Qd2 Nh7 17. Bh6 Bf8 18. Bxf8 Nxf8 19. Ng5 Qe7 20. Qf4 Nh7 21. Nxh5 gxh5 22.
Nxh7 O-O-O 23. Nf6 Qf8 24. Rfe1 Ne7 25. Qg5 Qh6 26. g3 Ng8 27. Re3 Nxf6 28. Qxf6
Qxf6 29. exf6 Rdg8 30. Rbe1 Kc7 31. Rf3 Kd6 32. Re5 b5 33. Rf4 Rh6 34. Rg5 Rgh8
35. Rg7 Be8 36. Kh2 a5 37. Kg2 Kc6 38. Kf1 Kd6 39. Ke1 Kc6 40. Bd1 Kd6 41. Rf3
e5 42. dxe5+ Kxe5 43. Rg5+ Ke6 44. Rff5 Bc6 45. Rxh5 Rxh5 46. Rxh5 Re8 47. Kd2
Bb7 48. Rh6 Kf5 49. Bc2+ Ke5 50. Rh7 Ke6 51. g4 Kxf6 52. g5+ Ke6 53. g6 Bc6 54.
g7 1-0

[Event "8th Leiden Open A 2014"]
[Site "Leiden NED"]
[Date "2014.07.11"]
[Round "1.8"]
[White "Van Halderen, Herman"]
[Black "Van Der Wiel, John T.H."]
[Result "1/2-1/2"]
[BlackTitle "GM"]
[WhiteElo "2072"]
[BlackElo "2424"]
[WhiteFideId "1026682"]
[BlackFideId "1000020"]
[EventDate "2014.07.11"]

1. d4 Nf6 2. c4 g6 3. Nc3 Bg7 4. e4 d6 5. Be2 O-O 6. Nf3 e5 7. O-O Nc6 8. d5 Ne7
9. Ne1 Ne8 10. Be3 f5 11. f3 f4 12. Bf2 h5 13. c5 g5 14. a4 Ng6 15. a5 Nf6 16.
cxd6 cxd6 17. Nb5 g4 18. Nxa7 g3 19. Bb6 Qe7 20. Nxc8 Rfxc8 21. Bb5 Nf8 22. Nd3
N6d7 23. Bxd7 Nxd7 24. Qb3 gxh2+ 25. Kh1 Bf6 1/2-1/2

[Event "8th Leiden Open A 2014"]
[Site "Leiden NED"]
[Date "2014.07.11"]
[Round "1.9"]
[White "Bitalzadeh, Ali"]
[Black "Braggaar, Leonore"]
[Result "1/2-1/2"]
[WhiteTitle "IM"]
[WhiteElo "2416"]
[BlackElo "2065"]
[WhiteFideId "1010972"]
[BlackFideId "1017284"]
[EventDate "2014.07.11"]

1. c4 e5 2. Nc3 Nc6 3. Nf3 d6 4. d4 Bg4 5. d5 Nb8 6. e4 Be7 7. Be2 Nd7 8. O-O
Ngf6 9. Ne1 Bxe2 10. Qxe2 O-O 11. Be3 Ne8 12. Nd3 Bg5 13. b4 Bxe3 14. Qxe3 h6
15. c5 Qg5 16. Qh3 Ndf6 17. Rac1 Nh5 18. g3 a5 19. bxa5 Rxa5 20. Kh1 f5 21. exf5
Ra3 22. cxd6 cxd6 23. f4 exf4 24. Nxf4 Nxf4 25. Rxf4 b5 26. Qf1 Nf6 27. Qxb5 Nh5
28. Qb4 Nxf4 29. gxf4 Qg4 30. Qxa3 Qf3+ 31. Kg1 Qg4+ 32. Kf2 Qxf4+ 33. Ke2 Re8+
34. Kd3 Qxf5+ 35. Kc4 Qf4+ 36. Kb3 Rb8+ 37. Kc2 Qf2+ 38. Kd3 Qf3+ 39. Kd2 Qf4+
40. Kd1 Qf1+ 41. Kd2 Qf4+ 42. Kd3 Qf3+ 43. Kd2 Qf4+ 1/2-1/2

[Event "8th Leiden Open A 2014"]
[Site "Leiden NED"]
[Date "2014.07.11"]
[Round "1.10"]
[White "Oudewaal, Vincent"]
[Black "Stany, G.A."]
[Result "0-1"]
[BlackTitle "IM"]
[WhiteElo "2060"]
[BlackElo "2399"]
[WhiteFideId "1033301"]
[BlackFideId "5029104"]
[EventDate "2014.07.11"]

1. e4 c5 2. Nf3 Nc6 3. d4 cxd4 4. Nxd4 Nf6 5. Nc3 e5 6. Ndb5 d6 7. Bg5 a6 8. Na3
b5 9. Nd5 Be7 10. Bxf6 Bxf6 11. c3 O-O 12. Nc2 Bg5 13. h4 Bh6 14. a4 bxa4 15.
Nce3 Ne7 16. Rxa4 Bxe3 17. Nxe3 Bb7 18. Qb3 Bc6 19. Rxa6 Bxe4 20. Qb4 Bc6 21.
Bb5 Rb8 22. Ra5 Bxg2 23. Nxg2 Nc6 24. Bxc6 Rxb4 25. cxb4 Qb6 26. O-O Qxc6 27.
Ne3 Qe4 28. Nd5 Qg4+ 29. Kh2 Qxh4+ 30. Kg2 f5 31. f4 Rc8 32. Rf2 Rc1 0-1

[Event "8th Leiden Open A 2014"]
[Site "Leiden NED"]
[Date "2014.07.11"]
[Round "1.11"]
[White "Van Assendelft, Floris"]
[Black "Lecomte, Robin"]
[Result "1/2-1/2"]
[WhiteTitle "IM"]
[WhiteElo "2380"]
[BlackElo "2056"]
[WhiteFideId "1010271"]
[BlackFideId "1037170"]
[EventDate "2014.07.11"]

1. e4 c5 2. Nf3 e6 3. d4 cxd4 4. Nxd4 Nc6 5. Nc3 Qc7 6. Be2 a6 7. Be3 Nf6 8. a3
b5 9. Nxc6 dxc6 10. f4 Bb7 11. O-O Be7 12. e5 Rd8 13. Qe1 Nd5 14. Nxd5 cxd5 15.
c3 O-O 16. Qf2 Rc8 17. Bd4 g6 18. b4 Bc6 19. h4 h5 20. f5 exf5 21. Bxh5 Qd8 22.
e6 Bxh4 23. g3 Qg5 24. Kh2 Qxh5 25. gxh4 Rce8 26. Rae1 Rxe6 27. Rxe6 fxe6 28.
Rg1 f4 29. Rg5 Qh6 30. Qe1 Bd7 31. Qe5 Rf5 32. Rxf5 gxf5 33. Qb8+ Qf8 34. Qxf4
Kh7 35. Qg5 Qd6+ 36. Kg2 e5 37. Qh5+ Kg7 38. Qg5+ Kh7 39. Qh5+ 1/2-1/2

[Event "8th Leiden Open A 2014"]
[Site "Leiden NED"]
[Date "2014.07.11"]
[Round "1.12"]
[White "Segers, Hans"]
[Black "Pijpers, Arthur"]
[Result "0-1"]
[WhiteElo "2050"]
[BlackElo "2371"]
[WhiteFideId "1019350"]
[BlackFideId "1019554"]
[EventDate "2014.07.11"]

1. d4 d5 2. c4 c6 3. Nc3 dxc4 4. a4 e5 5. Nf3 exd4 6. Qxd4 Qxd4 7. Nxd4 Bc5 8.
e3 Nf6 9. Bxc4 O-O 10. O-O Re8 11. b3 a5 12. Bb2 Nbd7 13. Rac1 Nb6 14. Bd3 Bxd4
15. exd4 Be6 16. Bc2 Nbd5 17. Nxd5 Nxd5 18. Ba3 Nf4 19. Bd1 Bd5 20. f3 Re3 21.
Rb1 Rd3 22. Bc1 Rxd1 23. Rxd1 Ne2+ 24. Kf2 Nc3 25. Ba3 Nxd1+ 26. Rxd1 Bxb3 27.
Rb1 Bxa4 28. Rxb7 Bb5 29. d5 Ba6 30. Rd7 cxd5 31. Rxd5 Bc4 32. Rd4 Bb3 33. Ke3
a4 34. h4 h6 35. g3 Rc8 36. Bb2 f6 37. Rd7 Be6 38. Rd4 Rb8 39. Ba3 Bc4 40. Kf4
Rb3 41. Bd6 Bb5 42. Rb4 g5+ 43. hxg5 hxg5+ 44. Kf5 Kf7 45. Rxb3 axb3 46. Ba3
Bd3+ 47. Kg4 Be2 48. Kf5 Bd3+ 49. Kg4 Ke6 50. Bb2 Bf5+ 51. Kh5 Kf7 52. Kh6 Bd3
53. Kh5 Be2 54. Kh6 Bxf3 55. Bc3 g4 56. Bb2 Ke6 57. Kg6 Kd5 58. Kf5 Kc4 0-1

[Event "8th Leiden Open A 2014"]
[Site "Leiden NED"]
[Date "2014.07.11"]
[Round "1.13"]
[White "Admiraal, Miguoel"]
[Black "Gieben, Stijn"]
[Result "0-1"]
[WhiteTitle "FM"]
[WhiteElo "2341"]
[BlackElo "2042"]
[WhiteFideId "1019716"]
[BlackFideId "1034170"]
[EventDate "2014.07.11"]

1. c4 e5 2. g3 c6 3. d4 d6 4. Nc3 Qc7 5. Bg2 Be7 6. e3 f5 7. Nge2 Nf6 8. O-O O-O
9. b3 Be6 10. Bb2 Nbd7 11. Qd2 Rad8 12. Rac1 Bf7 13. f4 e4 14. h3 h5 15. Nd1 d5
16. Nf2 dxc4 17. bxc4 Nb6 18. Qa5 Qd7 19. c5 Nc4 20. Qc3 b5 21. cxb6 axb6 22.
Nd1 b5 23. Ra1 Nd5 24. Qc1 Nb4 25. Bc3 Nd3 26. Qc2 Na3 27. Qd2 b4 28. Bb2 Nc4
29. Qc2 Ndxb2 30. Nxb2 Nxe3 31. Qd2 Nxf1 32. Rxf1 c5 33. g4 cxd4 34. gxf5 d3 35.
Ng3 Qd4+ 36. Kh2 e3 37. Qc1 e2 38. Rg1 d2 39. Qc7 e1=Q 40. Nd1 Qexg1# 0-1

[Event "8th Leiden Open A 2014"]
[Site "Leiden NED"]
[Date "2014.07.11"]
[Round "1.14"]
[White "Van der Meer, Kees"]
[Black "Wohl, Aleksandar H."]
[Result "1/2-1/2"]
[BlackTitle "IM"]
[WhiteElo "2040"]
[BlackElo "2339"]
[WhiteFideId "1007793"]
[BlackFideId "3200345"]
[EventDate "2014.07.11"]

1. d4 g6 2. c4 Bg7 3. e4 d6 4. Nc3 e5 5. Nge2 Nc6 6. Be3 Nf6 7. f3 exd4 8. Nxd4
O-O 9. Be2 Re8 10. Qd2 Ne5 11. O-O a6 12. Rad1 Bd7 13. a4 Rc8 14. b3 c5 15. Nc2
Qb6 16. Rb1 Qa5 17. Rfd1 Be6 18. Bf1 Nc6 19. Ne2 b5 20. axb5 axb5 21. cxb5 Qxd2
22. Bxd2 Na7 23. Nc3 Rb8 24. Na3 Nd7 25. Bc4 1/2-1/2

[Event "8th Leiden Open A 2014"]
[Site "Leiden NED"]
[Date "2014.07.11"]
[Round "1.16"]
[White "Erwich, Frank"]
[Black "Slingerland, Fred"]
[Result "0-1"]
[WhiteTitle "FM"]
[BlackTitle "IM"]
[WhiteElo "2322"]
[BlackElo "2328"]
[WhiteFideId "1007076"]
[BlackFideId "1002473"]
[EventDate "2014.07.11"]

1. d4 d5 2. c4 dxc4 3. e3 Nf6 4. Bxc4 e6 5. Nf3 c5 6. O-O Nc6 7. Qe2 a6 8. Bb3
Qc7 9. Nc3 Be7 10. Rd1 O-O 11. Bd2 Rd8 12. Be1 Bd7 13. Rac1 cxd4 14. exd4 Rac8
15. d5 exd5 16. Bxd5 Bg4 17. Qc4 Bxf3 18. Bxf3 Nd4 19. Qxc7 Rxc7 20. Ne2 Nxf3+
21. gxf3 Rxd1 22. Rxd1 Kf8 23. Bc3 b5 24. Kf1 Ke8 25. Ba5 Rc4 26. b3 Rc2 27. Rd2
Rxd2 28. Bxd2 Nd5 29. Nc3 Nxc3 30. Bxc3 g6 31. Ke2 Kd7 32. Bd4 Ke6 33. Kd3 Kd5
34. Be3 Bb4 35. Kc2 0-1

[Event "8th Leiden Open A 2014"]
[Site "Leiden NED"]
[Date "2014.07.11"]
[Round "1.18"]
[White "Fricano, Paul Royal"]
[Black "Erwich, Frank"]
[Result "0-1"]
[BlackTitle "FM"]
[WhiteElo "2013"]
[BlackElo "2322"]
[WhiteFideId "2037904"]
[BlackFideId "1007076"]
[EventDate "2014.07.11"]

1. Nf3 Nf6 2. g3 b6 3. d3 d5 4. Bg2 Bb7 5. O-O e6 6. c4 Be7 7. Nc3 O-O 8. cxd5
exd5 9. Bg5 h6 10. Bxf6 Bxf6 11. d4 Nc6 12. e3 Ne7 13. Qa4 Qd6 14. Rfc1 a6 15.
b4 c6 16. Qd1 Qxb4 17. Rab1 Qa5 18. Nd2 b5 19. Nb3 Qd8 20. e4 dxe4 21. Nxe4 Nd5
22. Qh5 Re8 23. Nbc5 Bc8 24. Nd3 Bxd4 25. Rxc6 Bb7 26. Rd6 Qc7 27. Rc1 Qe7 28.
Rxd5 Bxd5 29. Qxd5 Rad8 30. Qb3 Rc8 31. Rd1 Red8 32. Nf4 Qa7 33. Nd5 Be5 34. Qb4
Kh8 35. Nd2 Bd4 36. Rf1 Qc5 37. Nb3 Qxb4 38. Nxb4 Rd6 39. Bb7 Rc7 40. Bg2 0-1

[Event "8th Leiden Open A 2014"]
[Site "Leiden NED"]
[Date "2014.07.11"]
[Round "1.20"]
[White "Kouwenhoven, Arjen"]
[Black "Lupor, Andre"]
[Result "1-0"]
[BlackTitle "FM"]
[WhiteElo "1995"]
[BlackElo "2281"]
[WhiteFideId "1013416"]
[BlackFideId "4680103"]
[EventDate "2014.07.11"]

1. e4 c5 2. Nf3 e6 3. d4 cxd4 4. Nxd4 a6 5. Bd3 Nf6 6. O-O Qc7 7. Qe2 d6 8. a4
b6 9. Nd2 Nbd7 10. c3 Be7 11. f4 Bb7 12. Bc2 g6 13. N2f3 e5 14. Nb3 O-O 15. f5
gxf5 16. Bh6 fxe4 17. Ng5 d5 18. Qe1 Bc5+ 19. Kh1 Kh8 20. Qh4 Qd6 21. Rf5 Qe7
22. Nxc5 Qxc5 23. Raf1 Qd6 24. Bxf8 1-0

[Event "8th Leiden Open A 2014"]
[Site "Leiden NED"]
[Date "2014.07.12"]
[Round "2.1"]
[White "Jansen, Dirk Norbert"]
[Black "Nikolic, Predrag"]
[Result "0-1"]
[BlackTitle "GM"]
[WhiteElo "2212"]
[BlackElo "2605"]
[WhiteFideId "4668022"]
[BlackFideId "14400014"]
[EventDate "2014.07.11"]

1. c4 e5 2. g3 Nf6 3. Bg2 c6 4. d4 Bb4+ 5. Bd2 Bxd2+ 6. Qxd2 d6 7. dxe5 dxe5 8.
Qxd8+ Kxd8 9. Nc3 Kc7 10. Nf3 Re8 11. Nd2 Be6 12. O-O Na6 13. Rfd1 Rad8 14. b3
h6 15. Kf1 Re7 16. a3 Nc5 17. Rac1 Rxd2 0-1

[Event "8th Leiden Open A 2014"]
[Site "Leiden NED"]
[Date "2014.07.12"]
[Round "2.2"]
[White "Bogner, Sebastian"]
[Black "Blom, Vincent"]
[Result "1-0"]
[WhiteTitle "GM"]
[WhiteElo "2602"]
[BlackElo "2218"]
[WhiteFideId "4692055"]
[BlackFideId "1014358"]
[EventDate "2014.07.11"]

1. d4 Nf6 2. c4 e5 3. dxe5 Ng4 4. Bf4 Nc6 5. Nf3 Bb4+ 6. Nbd2 Qe7 7. a3 Ngxe5 8.
Nxe5 Nxe5 9. e3 Bxd2+ 10. Qxd2 d6 11. Be2 a5 12. Rc1 O-O 13. b4 axb4 14. axb4
Rd8 15. O-O b6 16. e4 Be6 17. Rc2 f6 18. Bg3 Qf7 19. Qc3 Ra4 20. f4 Nc6 21. f5
Bc8 22. c5 Nxb4 23. Bb5 Bd7 24. c6 Ra2 25. Bc4 Rxc2 26. Bxf7+ Kxf7 27. Qb3+ Kf8
28. cxd7 c5 29. Bxd6# 1-0

[Event "8th Leiden Open A 2014"]
[Site "Leiden NED"]
[Date "2014.07.12"]
[Round "2.3"]
[White "Van der Auweraert, Elwin"]
[Black "Ikonnikov, Vyacheslav"]
[Result "1/2-1/2"]
[BlackTitle "GM"]
[WhiteElo "2198"]
[BlackElo "2556"]
[WhiteFideId "1029568"]
[BlackFideId "4100972"]
[EventDate "2014.07.11"]

1. e4 c5 2. Nf3 Nc6 3. Nc3 Nd4 4. Bc4 e6 5. O-O a6 6. a4 Qc7 7. d3 Bd6 8. h3
Nxf3+ 9. Qxf3 Ne7 10. Qe3 Be5 11. Kh1 O-O 12. f4 Bxc3 13. bxc3 d5 14. Ba2 dxe4
15. Qxe4 Nf5 16. Kh2 Bd7 17. a5 h5 18. Qe5 Qxe5 19. fxe5 Rfc8 20. Bg5 Bb5 21. g4
hxg4 22. hxg4 Nh6 23. Bxh6 gxh6 24. c4 Bc6 25. c3 Rd8 26. Rad1 Rd7 27. d4 cxd4
28. cxd4 Be4 29. Rf4 Bg6 30. d5 Rc8 31. Bb3 Kg7 32. Rf6 Rc5 33. dxe6 Rxd1 34.
Bxd1 Rxe5 35. exf7 Bxf7 36. Rb6 Bxc4 37. Rxb7+ Kf6 38. Kg3 Rxa5 39. Rh7 Kg5 40.
Rg7+ Kf6 41. Rh7 1/2-1/2

[Event "8th Leiden Open A 2014"]
[Site "Leiden NED"]
[Date "2014.07.12"]
[Round "2.4"]
[White "Vistisen, Lars"]
[Black "Sengupta, Deep"]
[Result "0-1"]
[BlackTitle "GM"]
[WhiteElo "2169"]
[BlackElo "2533"]
[WhiteFideId "1404598"]
[BlackFideId "5008352"]
[EventDate "2014.07.11"]

1. e4 c6 2. d4 d5 3. e5 Bf5 4. Nf3 e6 5. Be2 Ne7 6. O-O h6 7. b4 Nc8 8. Bd2 Be7
9. a4 O-O 10. Ne1 Nd7 11. g4 Bh7 12. Nd3 a5 13. c3 Ncb6 14. Nc5 Nxc5 15. bxc5
Nc4 16. Ra2 b6 17. cxb6 Qxb6 18. Bxc4 dxc4 19. Be3 Bd3 20. Nd2 c5 21. Re1 Rfd8
22. Qf3 Rab8 23. Qf4 g5 24. Qg3 cxd4 25. Bxd4 Rxd4 26. cxd4 Qxd4 27. Nf3 Qd5 28.
Raa1 Rb2 0-1

[Event "8th Leiden Open A 2014"]
[Site "Leiden NED"]
[Date "2014.07.12"]
[Round "2.5"]
[White "Cernousek, Lukas"]
[Black "Zaksaite, Salomeja"]
[Result "1-0"]
[WhiteTitle "IM"]
[BlackTitle "WIM"]
[WhiteElo "2457"]
[BlackElo "2205"]
[WhiteFideId "311707"]
[BlackFideId "12801496"]
[EventDate "2014.07.11"]

1. d4 Nf6 2. c4 g6 3. g3 Bg7 4. Bg2 d5 5. cxd5 Nxd5 6. Nf3 Nb6 7. Nc3 Nc6 8. e3
O-O 9. O-O Re8 10. a3 a5 11. d5 Ne5 12. Nxe5 Bxe5 13. f4 Bg7 14. e4 e6 15. dxe6
Bxe6 16. e5 Rb8 17. Ne4 Nd5 18. Nc5 Bf8 19. Nxe6 fxe6 20. Qg4 Kf7 21. Qe2 b5 22.
g4 Kg8 23. Bd2 c6 24. Rae1 b4 25. a4 b3 26. f5 Bb4 27. Rd1 Bxd2 28. Rxd2 Rb4 29.
Bxd5 cxd5 30. fxg6 hxg6 31. Rf6 Kg7 32. Qf3 Rf8 33. Rf2 Rxf6 34. exf6+ Kf7 35.
Qh3 Qg8 36. g5 Rxa4 37. Re2 Re4 38. Rxe4 dxe4 39. Kf2 a4 40. Ke2 Ke8 41. Qc3 Qf8
42. Qc6+ Kf7 43. Qb7+ Kg8 44. Qxe4 Qe8 45. Qb7 Qf8 46. Qa7 Kh8 47. Qe7 Kg8 48.
Qd7 a3 49. bxa3 e5 50. Kd2 e4 51. Qe6+ Kh7 52. Qe7+ Kg8 53. Kc3 e3 54. Qxe3 1-0

[Event "8th Leiden Open A 2014"]
[Site "Leiden NED"]
[Date "2014.07.12"]
[Round "2.6"]
[White "Van Helvoort, Rob"]
[Black "Das, Arghyadip"]
[Result "0-1"]
[BlackTitle "IM"]
[WhiteElo "2144"]
[BlackElo "2439"]
[WhiteFideId "1005596"]
[BlackFideId "5003610"]
[EventDate "2014.07.11"]

1. e4 e6 2. d4 d5 3. Nc3 Nc6 4. exd5 exd5 5. Bb5 Ne7 6. Bg5 f6 7. Bf4 Be6 8. Qe2
Kf7 9. Qd2 a6 10. Bxc6 Nxc6 11. Nge2 Na5 12. b3 Ba3 13. O-O Re8 14. Nd1 Nc6 15.
c3 Kg8 16. Ne3 a5 17. Bg3 Qd7 18. Nf4 Bf7 19. h4 Bf8 20. Rfd1 a4 21. Qb2 Na5 22.
b4 Nc6 23. a3 Na7 24. Rac1 Nc8 25. c4 dxc4 26. Nxc4 Nd6 27. Ne3 Ne4 28. Bh2 Bb3
29. Rd3 Rac8 30. d5 Bd6 31. Ne2 Bxh2+ 32. Kxh2 Nxf2 0-1

[Event "8th Leiden Open A 2014"]
[Site "Leiden NED"]
[Date "2014.07.12"]
[Round "2.7"]
[White "Stany, G.A."]
[Black "Overeem, Marc"]
[Result "1-0"]
[WhiteTitle "IM"]
[BlackTitle "FM"]
[WhiteElo "2399"]
[BlackElo "2159"]
[WhiteFideId "5029104"]
[BlackFideId "1004972"]
[EventDate "2014.07.11"]

1. e4 c5 2. Nf3 e6 3. d4 cxd4 4. Nxd4 a6 5. Bd3 Nf6 6. O-O d6 7. c4 b6 8. Nc3
Bb7 9. f4 g6 10. Be3 Nbd7 11. b4 Bg7 12. Rc1 O-O 13. Nb3 Qe7 14. a3 Rfd8 15. Qe2
a5 16. bxa5 bxa5 17. a4 Nc5 18. Bxc5 dxc5 19. e5 Nd7 20. Be4 Rdb8 21. Nb5 Nb6
22. Rfd1 Rd8 23. Rxd8+ Rxd8 24. Nxa5 Bxe4 25. Qxe4 Qd7 26. Nb7 Rb8 27. N7d6 Bf8
28. Ra1 f5 29. Qe2 Ra8 30. a5 Nc8 31. a6 Nxd6 32. exd6 Kf7 33. a7 1-0

[Event "8th Leiden Open A 2014"]
[Site "Leiden NED"]
[Date "2014.07.12"]
[Round "2.8"]
[White "Pijpers, Arthur"]
[Black "Middelveld, Martine"]
[Result "1-0"]
[WhiteElo "2371"]
[BlackElo "2129"]
[WhiteFideId "1019554"]
[BlackFideId "1016555"]
[EventDate "2014.07.11"]

1. e4 e6 2. d4 d5 3. Nc3 Bb4 4. e5 c5 5. a3 Bxc3+ 6. bxc3 Qc7 7. Qg4 f5 8. Qg3
Nc6 9. Nf3 cxd4 10. cxd4 Nge7 11. Qxg7 Rg8 12. Qh6 Nxd4 13. Nxd4 Qc3+ 14. Qd2
Qxa1 15. Bb5+ Bd7 16. O-O Rc8 17. Qb4 Qc3 18. Bxd7+ Kxd7 19. Qb5+ Kc7 20. Be3
Qc4 21. Qa5+ Kb8 22. Rb1 Rc5 23. Nc6+ Nxc6 24. Qxc5 Qxc5 25. Bxc5 b6 26. Bd6+
Kb7 27. Rb3 Na5 28. Rh3 Rc8 29. Rxh7+ Ka6 30. Rc7 Rd8 31. h4 Nc4 32. Be7 Rh8 33.
Bf6 Rh5 34. Rc6 Nxa3 35. Rxe6 Nxc2 36. Rd6 Nd4 37. e6 Nxe6 38. Rxe6 Kb5 39. Re5
Kc4 40. g4 1-0